000 00646nam a2200265Ia 4500
008 181129s9999 xx 000 0 und d
020 _a9780439026147
050 _bW749 2006
100 _aWilson, Karma
245 0 _aMoose tracks! /
245 0 _cby Karma Wilson ; illustrated by Jack E. Davis.
260 _aNew York, NY :
260 _bScholastic,
260 _c2006
300 _aunpaged :
300 _bcolor illustrations ;
300 _c25cm.
500 _a610L
650 _aAnimal tracks.
650 _aAnimals.
650 _aMoose.
650 _aStories in rhyme.
700 _aDavis, Jack E.
700 _aTitle.
999 _c359953
_d359953